000 00218nam a2200085Ia 4500
245 0 _aFood for friends
100 _a Major, Debbie London, 2009
_977753
942 _cBK
008 210817s9999 xx 000 0 und d
999 _c266738
_d266737